000 01054nam a22002537a 4500
005 20240430170753.0
010 _a1617EN ENG-116993 ENG-139986
020 _a9789385755347
_c699.00
035 _aB-651808-813
035 _aB-666204
035 _aEN-123518
035 _aEN-100525
037 _bDBAD
082 _a641.300954
100 _aSen, Colleen Taylor
_965288
245 _aFeasts and fasts :
_cby Colleen Taylor Sen
_ba history of food in India /
260 _aNew Delhi
_bSpeaking Tiger
_c2016
270 _a4381/4, Ansari Road, Darya Ganj,
_bNew Delhi
_e110002
300 _a349p.
_c25cm(pbk)
500 _aIncludes index
942 _2ddc
_cEN
_mSEN
_h641.300954
999 _c102174
_d102174